01425nam a2200349 i 4500001001000000003000900010005001700019007000300036008004100039040003000080082001400110100001000124245004500134264004700179300002600226336002700252337003300279338002800312590002800340650000900368650000900377700004000386830001000426910000700436942001300443952011500456952012000571952012200691952012300813952012200936999001701058000019759DO-SdBNP20230616105430.0ta100705s19? ck a r 000 f spa d aDO-SdBNPbspacBNPHUerda bS718c222 94221610a5 cantos de hierro /cJosé Miguel Soto a[sin lugar] :b[sin nombre],c[sin fecha]. a12 paginas. ;c19 cm. 2rdacontentatextobtxt 2rdamediaasin mediaciónbn 2rdacarrieravolumenbnc aInventariado, 2023 / DG 91075 91074 aCarvalho, Dorindoeilustrador91338 942217 aDG 2ddccLF2 00102ddc51708PD-FaBNPHUbBNPHUcCTd2023-06-16l0oBNPHU PD S718cp2023-2538r2023-06-16w2023-06-16yLF2 00102ddc51708PD-FaBNPHUbBNPHUcCTd2023-06-16l0oBNPHU PD S718cp2023-2539r2023-06-16te.2w2023-06-16yLF2 00102ddc56708DS-FaBNPHUbBNPHUcCTd2023-06-16l0oBNPHU F-DS S718cp2023-2540r2023-06-16te.3w2023-06-16yLF2 00102ddc56708DS-FaBNPHUbBNPHUcCTd2023-06-16l0oBNPHU F- DS S718cp2023-2541r2023-06-16te.4w2023-06-16yLF2 00102ddc56708DS-FaBNPHUbBNPHUcCTd2023-06-16l0oBNPHU F-DS S718cp2023-2542r2023-06-16te.5w2023-06-16yLF2 c53847d53847